Most Prem Hatricks - Statistics

General Stats
  • This quiz has been taken 21 times
  • The average score is 9 of 15
Answer Stats
Amount Answer % Correct
6 Erling Haaland
94%
11 Alan Shearer
88%
8 Harry Kane
88%
5 Robin van Persie
69%
12 Sergio Aguero
69%
7 Wayne Rooney
69%
8 Michael Owen
63%
8 Thierry Henry
63%
5 Ruud van Nistelrooy
50%
5 Andrew Cole
44%
5 Ian Wright
44%
6 Luis Suarez
44%
5 Dimitar Berbatov
38%
9 Robbie Fowler
31%
5 Raheem Sterling
25%
No matching quizzes found
Score Distribution
Percent of People with Each Score
Percentile by Number Answered
Your Score History
You have not taken this quiz